[Event "European Hybrid Qual 2021"]
[Site "Tornelo INT"]
[Date "2021.05.24"]
[Round "1.1"]
[White "Sanal, Vahap"]
[Black "Morgunov, Marc"]
[Result "1/2-1/2"]
[WhiteTitle "GM"]
[BlackTitle "FM"]
[WhiteElo "2563"]
[BlackElo "2385"]
[WhiteFideId "6300545"]
[BlackFideId "1640305"]
[EventDate "2021.05.24"]
[EventType "k.o."]

1. e4 c5 2. Nf3 d6 3. d4 cxd4 4. Nxd4 Nf6 5. Nc3 Nc6 6. Bg5 Bd7 7. Qd2 a6 8.
O-O-O e6 9. f4 b5 10. Bxf6 gxf6 11. Kb1 Qb6 12. Nce2 h5 13. h4 Bh6 14. g3 Rg8
15. Qd3 O-O-O 16. Qf3 Nxd4 17. Nxd4 f5 18. exf5 e5 19. Qxh5 Rh8 20. Ne2 Bc6 21.
Rh3 Qb7 22. f6 Kb8 23. Ng1 Qa7 24. Be2 Bxf4 25. Qf5 Bd7 26. Qd3 Bxh3 27. Nxh3
Be3 28. Qe4 Rh6 29. Rf1 Qd4 30. Qc6 Qb6 31. Qd5 Qb7 32. Bf3 Qxd5 33. Bxd5 Rg8
34. Ng5 Bxg5 35. Bxf7 Bxh4 36. Bxg8 Rxf6 37. Rxf6 Bxf6 38. c3 Kc7 39. Bd5 Kb6
40. Be4 a5 41. b4 axb4 42. cxb4 Be7 43. Bd5 e4 44. Kc2 e3 45. Bf3 d5 46. a3 Kc6
47. Be2 Bf6 48. g4 d4 49. Bd3 Be7 50. Kb3 Kd5 51. Kc2 Kc6 52. Be2 Bf6 53. Bf1
Bg5 54. Bd3 Be7 1/2-1/2

[Event "European Hybrid Qual 2021"]
[Site "Tornelo INT"]
[Date "2021.05.25"]
[Round "1.2"]
[White "Morgunov, Marc"]
[Black "Sanal, Vahap"]
[Result "0-1"]
[WhiteTitle "FM"]
[BlackTitle "GM"]
[WhiteElo "2385"]
[BlackElo "2563"]
[WhiteFideId "1640305"]
[BlackFideId "6300545"]
[EventDate "2021.05.24"]
[EventType "k.o."]

1. e4 e5 2. Nf3 Nc6 3. Bb5 Nf6 4. O-O Nxe4 5. Re1 Nd6 6. Nxe5 Be7 7. Bf1 Nxe5 8.
Rxe5 O-O 9. d4 Ne8 10. Re1 d5 11. Bf4 Bd6 12. Bxd6 Nxd6 13. Bd3 Qh4 14. c3 Bg4
15. f3 Bd7 16. Nd2 Rae8 17. Nf1 a6 18. Qd2 Bb5 19. Ne3 Bxd3 20. Qxd3 Re6 21. g3
Qh5 22. Ng2 Rh6 23. h4 Rf6 24. g4 Qg6 25. Rad1 h5 26. g5 Qxd3 27. Rxd3 Re6 28.
Rxe6 fxe6 29. Re3 Nc4 30. Rxe6 Rxf3 31. Re8+ Kh7 32. Re7 Nxb2 33. Rxc7 Nd1 34.
c4 dxc4 35. Rxc4 Nc3 36. Rc7 b5 37. Ra7 Kg6 38. Rxa6+ Kf5 39. Ne1 Re3 40. Kf1
Kg4 41. Ra7 g6 42. Ra6 Rh3 43. Kg2 Nd5 44. Rd6 Nf4+ 45. Kf2 Rh2+ 46. Kg1 Kg3 47.
Rf6 Rf2 48. Rxf4 Rxf4 49. Nc2 Rf2 50. Ne3 Rxa2 51. d5 Ra1+ 0-1

[Event "European Hybrid Qual 2021"]
[Site "Tornelo INT"]
[Date "2021.05.24"]
[Round "1.1"]
[White "Saric, Ivan"]
[Black "Petriashvili, Nikoloz"]
[Result "1-0"]
[WhiteTitle "GM"]
[BlackTitle "IM"]
[WhiteElo "2645"]
[BlackElo "2424"]
[WhiteFideId "14508150"]
[BlackFideId "13611216"]
[EventDate "2021.05.24"]
[EventType "k.o."]

1. e4 c5 2. Nf3 Nc6 3. Bb5 g6 4. O-O Bg7 5. Re1 e5 6. Bxc6 dxc6 7. a3 a5 8. d3
Qe7 9. Nbd2 Nf6 10. Nc4 Nd7 11. Bg5 f6 12. Bd2 a4 13. b4 axb3 14. cxb3 O-O 15.
a4 Re8 16. Qc2 Nf8 17. Be3 Ne6 18. Nb6 Ra6 19. a5 Bf8 20. Ra4 Rd8 21. Nxc8 Rxc8
22. Nd2 Rd8 23. Nc4 h5 24. g3 Nd4 25. Bxd4 Rxd4 26. Rd1 Ra8 27. Raa1 Qe6 28. h4
Be7 29. Qe2 Kg7 30. Kh2 Bd8 31. Rg1 Bc7 32. g4 hxg4 33. Rxg4 f5 34. exf5 Qxf5
35. Ne3 Qf6 36. Rag1 Rxg4 37. Rxg4 Rh8 38. Kg2 Bxa5 39. Nc4 Bc3 40. Qe4 Bd4 41.
f3 Kh6 42. Rg5 Rg8 43. Nxe5 Bxe5 44. Rxe5 Rf8 45. h5 Rg8 46. Kf2 Rd8 47. hxg6
Rxd3 48. g7 Rd2+ 49. Ke1 Rd8 50. Re6 1-0

[Event "European Hybrid Qual 2021"]
[Site "Tornelo INT"]
[Date "2021.05.25"]
[Round "1.2"]
[White "Petriashvili, Nikoloz"]
[Black "Saric, Ivan"]
[Result "1/2-1/2"]
[WhiteTitle "IM"]
[BlackTitle "GM"]
[WhiteElo "2424"]
[BlackElo "2645"]
[WhiteFideId "13611216"]
[BlackFideId "14508150"]
[EventDate "2021.05.24"]
[EventType "k.o."]

1. d4 d5 2. c4 c6 3. Nf3 Nf6 4. Qc2 g6 5. Bf4 dxc4 6. Qxc4 Bg7 7. e3 O-O 8. Be2
Nbd7 9. O-O Nh5 10. Be5 Nxe5 11. dxe5 Qc7 12. Qc3 Bg4 13. Nbd2 Rad8 14. Bc4 Rxd2
15. Qxd2 Bxf3 16. gxf3 Qxe5 17. f4 Qf5 18. Be2 Nf6 19. Rad1 Qh3 20. f3 Qe6 21.
a3 Qb3 22. Qd3 Qb6 23. Qd4 Nd5 24. Qxb6 axb6 25. Rd3 Bxb2 26. Rb3 Bf6 27. Bc4
Nc3 28. Rxb6 Ra8 29. Rxb7 Rxa3 30. Kg2 Nd5 31. Bxd5 cxd5 32. e4 dxe4 33. fxe4
Ra2+ 34. Rf2 Rxf2+ 35. Kxf2 Bd4+ 36. Kf3 e6 37. e5 h6 38. Ke4 Bg1 39. Rb1 Bf2
40. Rb2 Bc5 41. Rc2 Bb6 42. Rb2 Bc5 43. h3 Kg7 44. Rc2 Bb6 45. Rc6 Bg1 46. Rc7
Bb6 47. Rb7 Bg1 48. Rc7 Bb6 49. Rd7 Bg1 50. Rb7 Bc5 51. Kd3 Bf2 52. Rb2 Bc5 53.
Rc2 Bb6 54. Rg2 Bc5 55. Rg3 Bf2 56. Rf3 Bg1 57. Rf1 Bb6 58. Rf3 Bg1 59. Kc4 Bh2
60. Kc5 g5 61. fxg5 hxg5 62. Kd6 Bf4 63. Ke7 Kg6 64. Rf2 Kg7 65. Rf3 Kg6 66. Rf1
Kg7 67. Re1 Kg6 68. Kf8 f6 69. Ke7 fxe5 70. Kxe6 Kh5 71. Kf5 Kh4 72. Rh1 Kg3 73.
Rg1+ Kxh3 74. Rxg5 Bxg5 75. Kxe5 1/2-1/2

[Event "European Hybrid Qual 2021"]
[Site "Tornelo INT"]
[Date "2021.05.25"]
[Round "1.2"]
[White "Risteski, Emil"]
[Black "Paichadze, Luka"]
[Result "1/2-1/2"]
[WhiteTitle "FM"]
[BlackTitle "GM"]
[WhiteElo "2395"]
[BlackElo "2565"]
[WhiteFideId "15005267"]
[BlackFideId "13602934"]
[EventDate "2021.05.24"]
[EventType "k.o."]

1. e4 c6 2. d4 d5 3. e5 Bf5 4. h4 h5 5. c4 e6 6. Nc3 Ne7 7. Nge2 dxc4 8. Ng3 Bg6
9. Bxc4 Nf5 10. Nxf5 Bxf5 11. Bg5 Be7 12. Bxe7 Qxe7 13. Bd3 Nd7 14. Bxf5 exf5
15. O-O Qxh4 16. Qb3 Nb6 17. a4 Qxd4 18. a5 Nd5 19. Nb5 Qb4 20. Nd6+ Kf8 21. Qc2
Qg4 22. a6 Nf4 23. f3 Qg5 24. axb7 Rb8 25. Rxa7 g6 26. Ra8 Kg7 27. Rxb8 Rxb8 28.
Ra1 h4 29. Ra8 Qg3 30. Qd2 Rxb7 31. Ne8+ Kh6 32. Nf6 g5 33. Rh8+ Kg6 34. Rg8+
Kh6 35. Rh8+ Kg6 36. Kf1 h3 37. Rg8+ Kh6 38. Rh8+ Kg6 39. Rg8+ Kh6 40. Rh8+ Kg6 1/2-1/2

[Event "European Hybrid Qual 2021"]
[Site "Tornelo INT"]
[Date "2021.05.24"]
[Round "1.1"]
[White "Vocaturo, Daniele"]
[Black "Gokerkan, Cem Kaan"]
[Result "0-1"]
[WhiteTitle "GM"]
[BlackTitle "IM"]
[WhiteElo "2617"]
[BlackElo "2470"]
[WhiteFideId "813192"]
[BlackFideId "6336760"]
[EventDate "2021.05.24"]
[EventType "k.o."]

1. d4 Nf6 2. c4 e6 3. Nf3 d5 4. Nc3 Be7 5. Bf4 O-O 6. e3 Nbd7 7. Be2 dxc4 8. O-O
Nb6 9. a4 c5 10. a5 Nbd5 11. Be5 Nxc3 12. bxc3 cxd4 13. cxd4 b5 14. axb6 Qxb6
15. Rb1 Qd8 16. Bxc4 a5 17. Qa4 Nd5 18. Rfc1 Bb4 19. Qa1 Bb7 20. e4 Nc3 21. Rxc3
Bxc3 22. Qxc3 Bxe4 23. Ra1 Bd5 24. Bb5 Qb6 25. Bd3 f6 26. Rb1 Qc6 27. Qxc6 Bxc6
28. Bd6 Rfd8 29. Bc5 a4 30. Ra1 Bd5 31. Ne1 Rdb8 32. f3 Rb2 33. Kf1 Kf7 34. Ba3
Ra2 35. Nc2 Rxa1+ 36. Nxa1 Rc8 37. Ke2 Bc4 38. Bxc4 Rxc4 39. Kd3 Rc8 40. Nc2 g5
41. g4 Kg6 42. Bc5 h5 43. h3 hxg4 44. hxg4 Rh8 45. Ne3 Rb8 46. Nc4 Rb3+ 47. Ke2
Rc3 48. Nd2 Rc1 49. Ba3 Ra1 50. Nc4 Kf7 51. Bb2 Rb1 52. Ba3 Rb3 53. Bc5 Kg6 54.
Nd2 Rb8 55. Kd3 Rh8 56. Nc4 Rh3 57. Ke2 Rh2+ 58. Ke3 Ra2 59. Kd3 Ra1 60. Na3 Rf1
61. Ke2 Rc1 62. Bb4 Kf7 63. Kd2 Rf1 64. Ke2 Rc1 65. Kd2 Rf1 66. Ke2 Rh1 67. Nc4
Rc1 68. Kd3 Rb1 69. Bc5 Rb3+ 70. Ke2 Rc3 71. Nd6+ Kg6 72. Ne4 Rb3 73. Be7 f5 74.
Nd2 Rb7 75. Bc5 fxg4 76. fxg4 Rb5 77. Kd3 Rb8 78. Kc4 Ra8 79. Ba3 Rc8+ 80. Kb5
Rc3 81. Nc4 Kh7 82. Bc5 Rg3 83. Kxa4 Rxg4 84. Kb3 Rg3+ 85. Kc2 Kg6 86. Bd6 Rh3
87. Kd2 Kf5 88. Ke2 Rc3 89. Nd2 g4 90. Kf2 Rd3 91. Nf1 Rxd4 92. Ng3+ Kg6 93. Bc5
Rd3 94. Be3 Rb3 95. Ke2 e5 96. Kf2 Rb2+ 97. Kf1 Kf7 98. Bf2 Ke6 99. Kg2 Kd5 100.
Nf1 Ke4 101. Ne3 g3 102. Kxg3 Rb3 0-1

[Event "European Hybrid Qual 2021"]
[Site "Tornelo INT"]
[Date "2021.05.25"]
[Round "1.2"]
[White "Gokerkan, Cem Kaan"]
[Black "Vocaturo, Daniele"]
[Result "0-1"]
[WhiteTitle "IM"]
[BlackTitle "GM"]
[WhiteElo "2470"]
[BlackElo "2617"]
[WhiteFideId "6336760"]
[BlackFideId "813192"]
[EventDate "2021.05.24"]
[EventType "k.o."]

1. e4 e5 2. Nf3 Nc6 3. Bc4 Nf6 4. d4 exd4 5. e5 d5 6. Bb5 Ne4 7. Nxd4 Bc5 8. Be3
O-O 9. Nxc6 bxc6 10. Bxc5 Nxc5 11. Bxc6 Rb8 12. Qxd5 Qe7 13. O-O Rxb2 14. Na3
Rd8 15. Qf3 Ne6 16. Qc3 Rb4 17. Rad1 Rbd4 18. Bf3 Bb7 19. Nb5 Rxd1 20. Rxd1
Rxd1+ 21. Bxd1 Qd8 22. Qd3 Qg5 23. g3 Qxe5 24. c3 h6 25. Be2 a6 26. Na3 Qa5 27.
c4 Qe1+ 28. Bf1 Ng5 29. Qd8+ Kh7 30. h4 Nf3+ 31. Kg2 Nd2+ 0-1

[Event "European Hybrid Qual 2021"]
[Site "Tornelo INT"]
[Date "2021.05.25"]
[Round "1.3"]
[White "Gokerkan, Cem Kaan"]
[Black "Vocaturo, Daniele"]
[Result "1/2-1/2"]
[WhiteTitle "IM"]
[BlackTitle "GM"]
[WhiteElo "2470"]
[BlackElo "2617"]
[WhiteFideId "6336760"]
[BlackFideId "813192"]
[EventDate "2021.05.24"]
[EventType "k.o."]

1. e4 e5 2. Nf3 Nc6 3. Bc4 Nf6 4. Ng5 d5 5. exd5 Na5 6. Bb5+ c6 7. dxc6 bxc6 8.
Bd3 Nd5 9. Nf3 Bd6 10. Nc3 O-O 11. Be2 f5 12. d4 e4 13. Ne5 Qf6 14. O-O Bxe5 15.
dxe5 Qxe5 16. Bd2 Nb6 17. b3 Be6 18. Qe1 Nb7 19. g3 Nd5 20. Nxd5 cxd5 21. Bf4
Qf6 22. Qb4 Rf7 23. Rfd1 g5 24. Be3 f4 25. Bd4 Qg6 26. c4 a5 27. Qb6 dxc4 28.
Bxc4 Bxc4 29. Qxg6+ hxg6 30. bxc4 Rc8 31. Rac1 Nc5 32. Bxc5 Rxc5 33. Rd4 Re7 34.
Re1 Rce5 35. c5 Rxc5 36. gxf4 gxf4 37. Rdxe4 Rxe4 38. Rxe4 f3 39. h3 Rc1+ 40.
Kh2 Rc2 41. Kg3 Rxa2 42. Kxf3 Kg7 43. Re6 Rb2 44. Ra6 Rb5 45. Kg4 Kh6 46. f4 Rc5
47. Ra7 Rb5 48. Ra6 Rc5 49. Ra7 Rb5 50. Ra6 Rc5 1/2-1/2

[Event "European Hybrid Qual 2021"]
[Site "Tornelo INT"]
[Date "2021.05.25"]
[Round "1.4"]
[White "Vocaturo, Daniele"]
[Black "Gokerkan, Cem Kaan"]
[Result "0-1"]
[WhiteTitle "GM"]
[BlackTitle "IM"]
[WhiteElo "2617"]
[BlackElo "2470"]
[WhiteFideId "813192"]
[BlackFideId "6336760"]
[EventDate "2021.05.24"]
[EventType "k.o."]

1. d4 Nf6 2. c4 g6 3. Nc3 Bg7 4. e4 d6 5. Nge2 O-O 6. Ng3 c6 7. Be2 a6 8. a4 a5
9. O-O e5 10. Be3 h5 11. f3 Qc7 12. Qd2 Na6 13. Rad1 Re8 14. d5 Rd8 15. Bg5 Rd7
16. f4 exf4 17. Qxf4 Nh7 18. Bxh5 Qb6+ 19. Rf2 Nxg5 20. Qxg5 Qd8 21. Qxd8+ Rxd8
22. Bf3 Nc5 23. e5 Bxe5 24. dxc6 bxc6 25. Bxc6 Rb8 26. Nb5 Be6 27. Bd5 Bxd5 28.
Rxd5 Nxa4 29. b3 Nc5 30. Rf3 a4 31. bxa4 Nxa4 32. Ne4 Nb6 33. Rd1 Nxc4 34. Nc7
f5 35. Nf2 Rdc8 36. Nd5 Kg7 37. h3 Rc5 38. g4 Rf8 39. Nb4 fxg4 40. Rxf8 Kxf8 41.
Nxg4 Rb5 42. Nd5 Kg7 43. Nc7 Rb2 44. Ne6+ Kf7 45. Ng5+ Ke7 46. Re1 Rb3 47. Nxe5
Nxe5 48. Kg2 Kf6 49. Ne4+ Ke6 50. Nf2 Rb2 51. Kg3 Rxf2 52. Kxf2 Kf5 53. Ke3 Ke6
54. Ke4 Nf7 55. Kf4+ Kf6 56. Ra1 Ng5 57. Kg4 Nf7 58. Re1 Ne5+ 59. Kf4 Nd3+ 0-1

[Event "European Hybrid Qual 2021"]
[Site "Tornelo INT"]
[Date "2021.05.24"]
[Round "1.1"]
[White "Ter-Sahakyan, Samvel"]
[Black "Williams, Simon K"]
[Result "1/2-1/2"]
[WhiteTitle "GM"]
[BlackTitle "GM"]
[WhiteElo "2645"]
[BlackElo "2464"]
[WhiteFideId "13302531"]
[BlackFideId "404454"]
[EventDate "2021.05.24"]
[EventType "k.o."]

1. e4 e5 2. Nf3 Nc6 3. Bb5 Nge7 4. O-O Ng6 5. c3 a6 6. Ba4 d5 7. exd5 Qxd5 8. d4
Bg4 9. c4 Qxd4 10. Nxd4 Bxd1 11. Rxd1 exd4 12. Rxd4 Ne5 13. Rd1 Nxc4 14. Nc3 Bd6
15. Bxc6+ bxc6 16. b3 Nb6 17. Re1+ Kd7 18. Bb2 f6 19. Ne4 Nd5 20. Bd4 Rhe8 21.
Kf1 a5 22. Nc5+ Bxc5 23. Bxc5 a4 24. bxa4 Rxa4 25. Rec1 h5 26. Rc2 g5 27. h3 g4
28. hxg4 hxg4 29. g3 f5 30. Kg2 Rh8 31. Re1 f4 32. gxf4 Rxf4 33. Rd2 Rh7 34. Re5
Rc4 35. Be3 Re7 36. Rh5 Rf7 37. Re5 Re7 38. Rh5 Rf7 39. Re5 Re7 1/2-1/2

[Event "European Hybrid Qual 2021"]
[Site "Tornelo INT"]
[Date "2021.05.25"]
[Round "1.2"]
[White "Williams, Simon K"]
[Black "Ter-Sahakyan, Samvel"]
[Result "0-1"]
[WhiteTitle "GM"]
[BlackTitle "GM"]
[WhiteElo "2464"]
[BlackElo "2645"]
[WhiteFideId "404454"]
[BlackFideId "13302531"]
[EventDate "2021.05.24"]
[EventType "k.o."]

1. c4 e6 2. Nf3 d5 3. d4 Nf6 4. Bg5 h6 5. Bxf6 Qxf6 6. e3 Nd7 7. Qc2 c6 8. Nc3
g6 9. O-O-O Bg7 10. e4 dxe4 11. Nxe4 Qe7 12. h4 O-O 13. h5 g5 14. Bd3 Rd8 15.
Qe2 b6 16. Ng3 Qd6 17. Kb1 Bb7 18. Rhe1 Qf4 19. Qc2 Qc7 20. Qc1 Nf6 21. Bc2 Qf4
22. Qxf4 gxf4 23. Ne4 c5 24. Nxf6+ Bxf6 25. Be4 Bxe4+ 26. Rxe4 cxd4 27. Rxf4 Bg7
28. Re4 Rac8 29. b3 Rc5 30. g4 b5 31. cxb5 Rxb5 32. Ne1 Rc8 33. Rc1 Rbc5 34.
Rxc5 Rxc5 35. Re2 Bf6 36. Rc2 Re5 37. Nd3 Re4 38. b4 Rxg4 39. b5 e5 40. f3 Rg3
41. Rf2 Bh4 42. Kc2 e4 43. fxe4 Rxd3 44. Kxd3 Bxf2 45. a4 Be1 46. Kxd4 Kf8 47.
Kd5 Ke7 48. Ke5 Bd2 49. Kf5 Bc3 50. e5 0-1

[Event "European Hybrid Qual 2021"]
[Site "Tornelo INT"]
[Date "2021.05.24"]
[Round "1.1"]
[White "Mihok, Oliver"]
[Black "Barseghyan, Armen Ar."]
[Result "1/2-1/2"]
[WhiteTitle "GM"]
[BlackTitle "FM"]
[WhiteElo "2547"]
[BlackElo "2353"]
[WhiteFideId "728012"]
[BlackFideId "13306707"]
[EventDate "2021.05.24"]
[EventType "k.o."]

1. e4 c5 2. Nf3 Nc6 3. Bb5 g6 4. Bxc6 bxc6 5. d4 cxd4 6. Qxd4 f6 7. O-O Bg7 8.
c4 Nh6 9. Rd1 Nf7 10. c5 O-O 11. Qa4 Qc7 12. Nc3 Rb8 13. h3 Rd8 14. Rb1 e5 15.
Be3 Bf8 16. b4 d6 17. cxd6 Bxd6 18. a3 Be6 19. Qxa7 Qxa7 20. Bxa7 Ra8 21. Bb6
Rdb8 22. Ba5 Be7 23. Ne1 Ra7 24. Nd3 Nd6 25. Nc5 Bf7 26. Ra1 Nc4 27. Nb3 Nxa3
28. Rxa3 Bxb3 29. Rxb3 Rxa5 30. Rdb1 Ra6 31. b5 Rab6 32. Kf1 cxb5 33. Rxb5 Rxb5
34. Rxb5 Rxb5 35. Nxb5 Kf7 36. Ke2 Bd8 37. Kd3 Bb6 38. f3 h5 39. Kc4 Ke6 40. Na3
Kd6 41. Kb5 Bd4 42. Nc4+ Kd7 43. Nb6+ Bxb6 44. Kxb6 h4 45. Kb7 g5 46. Kb6 Kd6
47. Kb5 Kd7 48. Kc5 Kc7 49. Kd5 Kd7 50. Kc5 Kc7 51. Kb5 Kb7 52. Kc5 Kc7 1/2-1/2

[Event "European Hybrid Qual 2021"]
[Site "Tornelo INT"]
[Date "2021.05.25"]
[Round "1.2"]
[White "Barseghyan, Armen Ar."]
[Black "Mihok, Oliver"]
[Result "1-0"]
[WhiteTitle "FM"]
[BlackTitle "GM"]
[WhiteElo "2353"]
[BlackElo "2547"]
[WhiteFideId "13306707"]
[BlackFideId "728012"]
[EventDate "2021.05.24"]
[EventType "k.o."]

1. d4 g6 2. c4 Bg7 3. Nc3 c5 4. d5 Bxc3+ 5. bxc3 Qa5 6. Qc2 f5 7. Bf4 d6 8. e3
Nf6 9. Nf3 Nbd7 10. Be2 Nb6 11. Nd2 Bd7 12. f3 Qa4 13. Qb3 O-O-O 14. Bh6 Rhg8
15. Bg5 h6 16. Bxh6 g5 17. h4 gxh4 18. Kf2 Qa6 19. Rae1 Nh5 20. Rxh4 Ng3 21. Bd1
Rg6 22. Bf4 Rdg8 23. Rg1 e5 24. dxe6 Bxe6 25. Rh3 Nxc4 26. Nxc4 Bxc4 27. Qb2 Ne2
28. Bxe2 Bxe2 29. g3 Bd3 30. Rgh1 Bc4 31. a3 Qc6 32. Rh8 Qd5 33. Qc2 Bb3 34. Qe2
Bc4 35. Qc2 Bb3 36. Qe2 a6 37. Rxg8+ Rxg8 38. Rh6 Rd8 39. e4 fxe4 40. fxe4 Qf7
41. Qg4+ Kb8 42. Qf5 Qe7 43. Rxd6 Rxd6 44. Qxc5 Qf6 45. Kg2 Qe6 46. Qxd6+ Qxd6
47. Bxd6+ Kc8 48. Kf3 Kd7 49. Bc5 Ke6 50. Kf4 Bc2 51. g4 Bd1 52. Bd4 Be2 53. Bg7
Bd1 54. Bh8 Be2 55. g5 Bh5 56. Ke3 Bg6 57. Kd4 Kd6 58. Be5+ Ke6 59. Bf6 Kd6 60.
e5+ Kd7 61. Kc5 Be4 62. Kb6 Ke6 63. a4 Kd7 64. a5 Ke6 65. Kc7 Kf7 66. Kd6 Bf5
67. c4 Bg4 68. c5 Bf5 69. Bd8 Ke8 70. Kc7 Be4 71. e6 Bd5 72. Kd6 Be4 73. Bf6 Bf5
74. Bd4 Be4 75. Ke5 Bd3 76. Kf6 Be4 77. g6 Bd3 78. Be3 Bc2 79. Bg5 Bd3 80. g7
Bh7 81. Ke5 Bg8 82. Kd6 Bh7 83. Bh4 Bg8 84. Bf6 Bh7 85. Kc7 Bg8 86. e7 Bd5 87.
Kc8 Kf7 88. g8=Q+ 1-0

[Event "European Hybrid Qual 2021"]
[Site "Tornelo INT"]
[Date "2021.05.24"]
[Round "1.1"]
[White "Alekseev, Evgeny"]
[Black "Blagojevic, Dragisa"]
[Result "1-0"]
[WhiteTitle "GM"]
[BlackTitle "GM"]
[WhiteElo "2617"]
[BlackElo "2481"]
[WhiteFideId "4138147"]
[BlackFideId "900885"]
[EventDate "2021.05.24"]
[EventType "k.o."]

1. e4 e5 2. Nf3 Nc6 3. Bc4 Nf6 4. d3 Be7 5. O-O O-O 6. Bb3 d5 7. exd5 Nxd5 8. h3
a5 9. c3 Nb6 10. Re1 a4 11. Bc2 f6 12. Be3 a3 13. Nxa3 Bxa3 14. Bb3+ Nd5 15.
bxa3 b6 16. d4 e4 17. Nd2 f5 18. f3 Na5 19. Bg5 Qd7 20. fxe4 Nxb3 21. Qxb3 fxe4
22. Nxe4 Bb7 23. c4 Nf4 24. d5 Qf5 25. Qg3 Kh8 26. Rad1 h6 27. Bxf4 Qxf4 28.
Qxf4 Rxf4 29. c5 Re8 30. d6 Rf7 31. cxb6 cxb6 32. d7 Rd8 33. Ng5 hxg5 34. Re8+
Rf8 35. Rxf8+ Rxf8 36. d8=Q Rxd8 37. Rxd8+ 1-0

[Event "European Hybrid Qual 2021"]
[Site "Tornelo INT"]
[Date "2021.05.25"]
[Round "1.2"]
[White "Blagojevic, Dragisa"]
[Black "Alekseev, Evgeny"]
[Result "1/2-1/2"]
[WhiteTitle "GM"]
[BlackTitle "GM"]
[WhiteElo "2481"]
[BlackElo "2617"]
[WhiteFideId "900885"]
[BlackFideId "4138147"]
[EventDate "2021.05.24"]
[EventType "k.o."]

1. d4 Nf6 2. c4 e6 3. Nf3 d5 4. g3 Bb4+ 5. Bd2 Be7 6. Bg2 O-O 7. O-O c6 8. Qc2
Nbd7 9. Rd1 b6 10. Bf4 Bb7 11. Ne5 Nh5 12. Bd2 Nhf6 13. cxd5 cxd5 14. Nc6 Bxc6
15. Qxc6 Rc8 16. Qb5 Ne8 17. e3 Nd6 18. Qe2 Nf6 19. Nc3 Qd7 20. Rdc1 Rc6 21. b3
Rfc8 22. Qd3 g6 23. Ne2 Nfe4 24. Be1 Rxc1 25. Rxc1 Rxc1 26. Nxc1 Qc6 27. Ne2 f5
28. f3 Nf6 29. h3 Nf7 30. Qc3 Qxc3 31. Bxc3 Bd6 32. Kf2 Kf8 33. Bb2 Bb8 34. Nc3
Nd6 35. g4 Ke7 36. Bf1 Kf7 37. Bd3 Ke7 38. Ne2 Nf7 39. Kg2 Kd7 40. Bc3 Ke7 41.
Be1 Nd8 42. Bb5 Nf7 43. Bh4 Bc7 44. Ba6 Nd8 45. Nc1 Nc6 46. Nd3 Nb8 47. Bc8 Kf7
48. Bg5 Nfd7 49. b4 Bd6 50. b5 Nf8 51. Nf4 Nbd7 52. Kf2 Nf6 53. Ke2 Ng8 54. Nd3
Ne7 55. Bb7 Ke8 56. Nf4 Kf7 57. Bh6 Ng8 58. Bxf8 Bxf4 59. Bb4 Bc7 60. Be1 Nf6
61. Bc6 Ke7 62. Bh4 Kf7 63. Kf2 Ng8 64. Bb7 Ne7 65. Ke2 Ng8 66. Bg5 Nf6 67. Bc6
Bd6 68. Kf2 Bc7 69. Kg2 Ng8 70. Bh4 Ne7 71. Bb7 Ng8 72. Bg3 Bxg3 73. Kxg3 Kf6
74. gxf5 Kxf5 75. e4+ dxe4 76. fxe4+ Kf6 77. e5+ Ke7 78. Kf4 Kf8 79. d5 exd5 80.
Bxd5 Ne7 81. Be6 h6 82. h4 Ke8 83. Ke4 Kd8 84. Bh3 Kc7 85. Bg4 Ng8 86. Be6 Ne7
87. Bh3 Ng8 88. Kd5 Kd8 89. Ke6 Ke8 90. Bg2 Ne7 91. Kf6 Kf8 92. Be4 g5 93. hxg5
hxg5 94. Bf3 Ke8 95. Bc6+ Kf8 96. Bf3 Ke8 97. Bh5+ Kd8 98. Kxg5 Nd5 99. Bf3 Nc3
100. Kf6 Nxb5 101. Bc6 Nd4 102. Bd5 Nb5 103. Bc6 Nd4 104. Bd5 Nb5 105. Kf7 Kd7
106. Be6+ Kc6 107. Bb3 Nc7 108. e6 b5 109. e7 a5 110. e8=Q+ Nxe8 111. Kxe8 a4
112. Bf7 b4 113. Kd8 Kc5 114. Kc7 b3 115. a3 b2 116. Ba2 b1=Q 117. Bxb1 Kc4 118.
Bc2 Kc3 119. Bxa4 Kb2 120. Bb5 Kxa3 1/2-1/2

[Event "European Hybrid Qual 2021"]
[Site "Tornelo INT"]
[Date "2021.05.24"]
[Round "1.1"]
[White "Kuzubov, Yuriy"]
[Black "Damljanovic, Branko"]
[Result "1/2-1/2"]
[WhiteTitle "GM"]
[BlackTitle "GM"]
[WhiteElo "2642"]
[BlackElo "2498"]
[WhiteFideId "14112906"]
[BlackFideId "900125"]
[EventDate "2021.05.24"]
[EventType "k.o."]

1. e4 c5 2. Nf3 d6 3. Bb5+ Nc6 4. O-O Bd7 5. Re1 Nf6 6. c3 a6 7. Bf1 Bg4 8. h3
Bxf3 9. Qxf3 g6 10. d3 Bg7 11. Nd2 O-O 12. Qd1 Nd7 13. Nf3 Qb6 14. g3 e6 15. h4
h6 16. Bg2 Rae8 17. Qc2 f5 18. Be3 Nf6 19. exf5 gxf5 20. d4 Ng4 21. d5 exd5 22.
Bf4 Nce5 23. Rad1 c4 24. Nh2 Nxh2 25. Kxh2 Nd3 26. Rxe8 Rxe8 27. Rd2 Qc5 28. b4
Qc6 29. Rxd3 cxd3 30. Qxd3 Re4 31. Bxe4 dxe4 32. Qxd6 Qxd6 33. Bxd6 Bxc3 34. h5
Bd2 35. g4 Kf7 36. Kg3 Kf6 37. b5 axb5 38. Bc7 b4 39. Bd6 b5 40. Bc7 Bc3 41. Kf4
Bd2+ 42. Kg3 e3 43. fxe3 Bxe3 44. Kf3 Bd2 45. Ke2 Bc3 46. Bf4 fxg4 47. Bxh6 Kf5
48. Ke3 Bf6 49. Kf2 Bh4+ 50. Kg2 Bf6 51. Bf8 Bc3 52. h6 Be5 53. Bg7 Bf6 54. Kg3
Kg6 55. Bxf6 Kxf6 56. Kxg4 Kg6 57. Kf4 Kxh6 58. Ke5 Kg7 59. Kd5 Kf7 60. Kc5 Ke7
61. Kxb4 Kd7 62. Kxb5 Kc8 63. a4 Kb8 64. a5 Ka7 65. a6 Ka8 66. Kb6 Kb8 67. a7+
Ka8 68. Ka6 1/2-1/2

[Event "European Hybrid Qual 2021"]
[Site "Tornelo INT"]
[Date "2021.05.25"]
[Round "1.2"]
[White "Damljanovic, Branko"]
[Black "Kuzubov, Yuriy"]
[Result "0-1"]
[WhiteTitle "GM"]
[BlackTitle "GM"]
[WhiteElo "2498"]
[BlackElo "2642"]
[WhiteFideId "900125"]
[BlackFideId "14112906"]
[EventDate "2021.05.24"]
[EventType "k.o."]

1. c4 Nf6 2. Nc3 e5 3. Nf3 Nc6 4. g3 d5 5. cxd5 Nxd5 6. Bg2 Nb6 7. a3 Be6 8. d3
f6 9. Rb1 Qd7 10. b4 Bh3 11. Bxh3 Qxh3 12. Be3 O-O-O 13. Qb3 Kb8 14. Kd2 Nd4 15.
Bxd4 exd4 16. Ne4 Qh6+ 17. Kc2 Qh5 18. Rhc1 f5 19. Nc5 Bd6 20. Rb2 Rhe8 21. Kb1
f4 22. Ne6 Rd7 23. Nexd4 g5 24. g4 Qxg4 25. Rg1 Qh3 26. Rxg5 Qf1+ 27. Ka2 Qxf2
28. a4 Be7 29. Rg8 Rxg8 30. Qxg8+ Nc8 31. Nf5 Bf6 32. d4 Rd8 33. Qe6 Bh8 34. a5
Qg2 35. Ne5 Bxe5 36. dxe5 Qd5+ 37. Qxd5 Rxd5 38. a6 bxa6 39. Rd2 Rxd2+ 0-1

[Event "European Hybrid Qual 2021"]
[Site "Tornelo INT"]
[Date "2021.05.24"]
[Round "1.1"]
[White "Gagunashvili, Merab"]
[Black "David, Alberto"]
[Result "1/2-1/2"]
[WhiteTitle "GM"]
[BlackTitle "GM"]
[WhiteElo "2584"]
[BlackElo "2517"]
[WhiteFideId "13601652"]
[BlackFideId "4000013"]
[EventDate "2021.05.24"]
[EventType "k.o."]

1. d4 Nf6 2. c4 e6 3. Nc3 Bb4 4. Qc2 O-O 5. a3 Bxc3+ 6. Qxc3 d6 7. Bg5 Nbd7 8.
f3 h6 9. Bh4 c5 10. e4 b6 11. Nh3 Re8 12. Bg3 e5 13. d5 Nf8 14. Ng1 Ng6 15. Bf2
Nh7 16. Ne2 f5 17. exf5 Bxf5 18. Ng3 Bd7 19. Ne4 Bf5 20. Ng3 Bd7 21. Ne4 Bf5 22.
Ng3 1/2-1/2